Ultimate College Basketball Arena Trivia - Statistics

General Stats
  • This quiz has been taken 30 times
  • The average score is 43 of 360
Answer Stats
Arena Answer % Correct
Cameron Indoor Stadium Duke
91%
Dean Smith Center North Carolina
65%
WVU Coliseum West Virginia
61%
Mackey Arena Purdue
57%
Hinkle Fieldhouse Butler
52%
FAU Arena Florida Atlantic
52%
Mizzou Arena Missouri
52%
PNC Arena NC State
52%
Binghamton University Events Center Binghamton
48%
Carver-Hawkeye Arena Iowa
48%
Allen Fieldhouse Kansas
48%
Rupp Arena Kentucky
48%
KFC Yum! Center Louisville
48%
Harry A. Gampel Pavilion & XL Center UConn
48%
Kohl Center Wisconsin
48%
CU Events Center Colorado
43%
CHI Health Center Omaha Creighton
43%
Capital One Arena Georgetown
43%
Idaho Central Credit Union Arena Idaho
43%
Fiserv Forum Marquette
43%
Prudential Center Seton Hall
43%
JMA Wireless Dome Syracuse
43%
Pauley Pavilion UCLA
43%
UC Santa Barbara Events Center UC Santa Barbara
43%
Winthrop Coliseum Winthrop
43%
Bud Walton Arena Arkansas
39%
Marriott Center BYU
39%
Littlejohn Coliseum Clemson
39%
Crisler Center Michigan
39%
Gallagher-Iba Arena Oklahoma State
39%
Carnesecca Arena & Madison Square Garden St. John's
39%
Cintas Center Xavier
39%
Coleman Coliseum Alabama
35%
McKale Center Arizona
35%
Desert Financial Arena Arizona State
35%
Fifth Third Arena Cincinnati
35%
Wintrust Arena DePaul
35%
Simon Skjodt Assembly Hall Indiana
35%
Hilton Coliseum Iowa State
35%
Pete Maravich Assembly center LSU
35%
FedExForum Memphis
35%
Breslin Student Events Center Michigan State
35%
UNF Arena North Florida
35%
UNT Coliseum North Texas
35%
Palestra Penn
35%
Amica Mutual Pavilion Providence
35%
Thompson-Boling Arena Tennessee
35%
John Paul Jones Arena Virginia
35%
Conte Forum Boston College
30%
UD Arena Dayton
30%
Donald L. Tucker Civic Center Florida State
30%
KSU Convocation Center Kennesaw State
30%
The Pit New Mexico
30%
Edmund P. Joyce Center Notre Dame
30%
Petersen Events Center Pittsburgh
30%
Jersey Mike's Arena Rutgers
30%
Maples Pavilion Stanford
30%
Texas A&M-Commerce Field House Texas A&M-Commerce
30%
Greensboro Coliseum UNC Greensboro
30%
Jon M. Huntsman Arena Utah
30%
Finneran Pavilion Villanova
30%
Lawrence Joel Veterans Memorial Coliseum Wake Forest
30%
Haas Pavilion California
26%
Titan Gym CSU Fullerton
26%
Georgia State Convocation Center Georgia State
26%
Hank McCamish Pavilion Georgia Tech
26%
Hampton Convocation Center Hampton
26%
Watsco Center Miami
26%
UWM Panther Arena Milwaukee
26%
Humphrey Coliseum Mississippi State
26%
Bank of Colorado Arena Northern Colorado
26%
Welsh-Ryan Arena Northwestern
26%
Value City Arena Ohio State
26%
Moody Coliseum SMU
26%
Colonial Life Arena South Carolina
26%
United Supermarkets Arena Texas Tech
26%
Thomas & Mack Center UNLV
26%
Memorial Gymnasium Vanderbilt
26%
Cassell Coliseum Virginia Tech
26%
Hec Edmundson Pavilion (Alaska Airlines Arena) Washington
26%
Alabama A&M Events Center Alabama A&M
22%
Neville Arena Auburn
22%
Fertitta Center Houston
22%
Indiana Farmers Coliseum IUPUI
22%
Bramlage Coliseum Kansas State
22%
Liberty Arena Liberty
22%
Cajundome Louisiana
22%
Xfinity Center Maryland
22%
Matthew Knight Arena Oregon
22%
Bryce Jordan Center Penn State
22%
Schollmaier Arena TCU
22%
Don Haskins Center UTEP
22%
Charles Koch Arena Wichita State
22%
Foster Pavilion Baylor
17%
Addition Financial Arena Central Florida
17%
Buccaneer Field House Charleston Southern
17%
UPMC Cooper Fieldhouse Duquesne
17%
Exactech Arena Florida
17%
State Farm Center Illinois
17%
Tom Gola Arena La Salle
17%
Walter Pyramid Long Beach State
17%
Williams Arena Minnesota
17%
Pinnacle Bank Arena Nebraska
17%
Viking Pavilion Portland State
17%
Viejas Arena San Diego State
17%
Screaming Eagles Arena Southern Indiana
17%
Clune Arena Air Force
13%
John M. Belk Arena Davidson
13%
Stegeman Coliseum Georgia
13%
Le Moyne Events Center Le Moyne
13%
Walkup Skydome Northern Arizona
13%
OU Credit Union O'rena Oakland
13%
Sandy and John Black Pavilion Ole Miss
13%
Hornets Nest Sacramento State
13%
Galen Center Southern California
13%
Liacouras Center Temple
13%
Reed Arena Texas A&M
13%
Trojan Arena Troy
13%
Bartow Arena UAB
13%
Arena-Auditorium Wyoming
13%
James A. Rhodes Arena Akron
9%
SEFCU Arena Albany
9%
Worthen Arena Ball State
9%
Freedom Hall Bellarmine
9%
Stroh Center Bowling Green
9%
McGuirk Arena Central Michigan
9%
Wolstein Center Cleveland State
9%
Moby Arena Colorado State
9%
Icardo Center CSU Bakersfield
9%
Premier America Credit Union Arena CSU Northridge
9%
Daskalakis Athletic Center Drexel
9%
George Gervin GameAbove Center Eastern Michigan
9%
Reese Court Eastern Washington
9%
Ocean Bank Convocation Center Florida International
9%
McCarthey Athletic Center Gonzaga
9%
Stan Sheriff Center Hawaii
9%
Reed Gym Idaho State
9%
Pan American Center New Mexico State
9%
Betty Engelstad Sioux Center North Dakota
9%
Convocation Center Northern Illinois
9%
Convocation Center Ohio
9%
Firestone Fieldhouse Pepperdine
9%
UPMC Events Center Robert Morris
9%
Hagan Arena Saint Joseph's
9%
University Credit Union Pavilion Saint Mary's
9%
Show Me Center SE Missouri State
9%
Yuengling Center South Florida
9%
Reilly Center St. Bonaventure
9%
UTRGV Fieldhouse Texas-Rio Grande Valley
9%
Savage Arena Toledo
9%
TU Arena Towson
9%
Reynolds Center Tulsa
9%
Bren Events Center UC Irvine
9%
Student Recreation Center Arena UC Riverside
9%
LionTree Arena UC San Diego
9%
Trask Coliseum UNC Wilmington
9%
Smith Spectrum Utah State
9%
Convocation Center UTSA
9%
Siegel Center VCU
9%
E. A. Diddle Arena Western Kentucky
9%
University Arena Western Michigan
9%
Nutter Center Wright State
9%
Beeghly Center Youngstown State
9%
F&M Bank Arena Austin Peay
4%
ExtraMile Arena Boise State
4%
Pizzitola Sports Center Brown
4%
Chace Athletic Center Bryant
4%
Alumni Arena Buffalo
4%
Robert A. Mott Athletics Center Cal Poly
4%
Gore Arena Campbell
4%
TD Arena Charleston
4%
Dale F. Halton Arena Charlotte
4%
Levien Gymnasium Columbia
4%
Newman Arena Cornell
4%
Leede Arena Dartmouth
4%
Bob Carpenter Center Delaware
4%
Calihan Hall Detroit Mercy
4%
Minges Coliseum East Carolina
4%
Schar Center Elon
4%
Bogota Savings Bank Center Fairleigh Dickinson
4%
Alico Arena Florida Gulf Coast
4%
Rose Hill Gymnasium Fordham
4%
Save Mart Center Fresno State
4%
Resch Center Green Bay
4%
Lavietes Pavilion Harvard
4%
Mack Sports Complex Hofstra
4%
Pete Mathews Coliseum Jacksonville State
4%
Atlantic Union Bank Center James Madison
4%
Memorial Athletic and Convocation Center Kent State
4%
Allen Arena Lipscomb
4%
Fant-Ewing Coliseum Louisiana-Monroe
4%
Thomas Assembly Center Louisiana Tech
4%
Joseph J. Gentile Arena Loyola Chicago
4%
Gersten Pavilion Loyola Marymount
4%
Cross Insurance Center Maine
4%
Cam Henderson Center Marshall
4%
Millett Hall Miami (OH)
4%
Murphy Center Middle Tennessee
4%
OceanFirst Bank Center Monmouth
4%
Dahlberg Arena Montana
4%
Brick Breeden Fieldhouse Montana State
4%
Lawlor Events Center Nevada
4%
Lundholm Gym New Hampshire
4%
Wellness and Events Center NJIT
4%
Corbett Sports Center North Carolina A&T
4%
Matthews Arena Northeastern
4%
Truist Arena Northern Kentucky
4%
Gill Coliseum Oregon State
4%
Jadwin Gymnasium Princeton
4%
Hilliard Gates Sports Center Purdue Fort Wayne
4%
Curry Arena Queens
4%
Ryan Center Rhode Island
4%
Tudor Fieldhouse Rice
4%
Robins Center Richmond
4%
Chaifetz Arena Saint Louis
4%
Bernard Johnson Coliseum Sam Houston
4%
Provident Credit Union Event Center San Jose State
4%
Redhawk Center Seattle
4%
Sanford Coyote Sports Center South Dakota
4%
Edmunds Center Stetson
4%
Island Federal Credit Union Arena Stony Brook
4%
Devlin Fieldhouse Tulane
4%
University Credit Union Center UC Davis
4%
Mullins Center UMass
4%
Costello Athletic Center UMass Lowell
4%
Chesapeake Employers Insurance Arena UMBC
4%
Patrick Gym Vermont
4%
Beasley Coliseum Washington State
4%
Dee Events Center Weber State
4%
Kaplan Arena William & Mary
4%
Jerry Richardson Indoor Stadium Wofford
4%
John J. Lee Ampitheater Yale
4%
Moody Coliseum Abilene Christian
0%
Dunn-Oliver Acadome Alabama State
0%
Davey Whitney Complex Alcorn State
0%
Bender Arena American
0%
George M. Holmes Convocation Center Appalachian State
0%
K. L. Johnson Complex Arkansas-Pine Bluff
0%
First National Bank Arena Arkansas State
0%
Christl Arena Army
0%
Curb Event Center Belmont
0%
Moore Gymnasium Bethune-Cookman
0%
Case Gym Boston University
0%
Carver Arena Bradley
0%
Sojka Pavilion Bucknell
0%
Fowler Events Center Cal Baptist
0%
Koessler Athletic Center Canisius
0%
Farris Center Central Arkansas
0%
William H. Detrick Gymnasium Central Connecticut
0%
McKenzie Arena Chattanooga
0%
Jones Convocation Center Chicago State
0%
HTC Center Coastal Carolina
0%
Cotterell Court Colgate
0%
Physical Education Complex Coppin State
0%
Memorial Hall Delaware State
0%
Hamilton Gymnasium Denver
0%
Knapp Center Drake
0%
Lantz Arena Eastern Illinois
0%
Baptist Health Arena Eastern Kentucky
0%
Freedom Hall Civic Center East Tennessee State
0%
Ford Center Evansville
0%
Leo D. Mahoney Arena Fairfield
0%
Al Lawson Center Florida A&M
0%
Timmons Arena Furman
0%
Paul Porter Arena Gardner-Webb
0%
EagleBank Arena George Mason
0%
Charles E. Smith Center George Washington
0%
Hanner Fieldhouse Georgia Southern
0%
Frederick C. Hobdy Assembly Center Grambling
0%
Global Credit Union Arena Grand Canyon
0%
Quebin Center High Point
0%
Hart Center Holy Cross
0%
Sharp Gymnasium Houston Christian
0%
Burr Gymnasium Howard
0%
Credit Union 1 Arena Illinois-Chicago
0%
CEFCU Arena Illinois State
0%
McDermott Center Incarnate Word
0%
Hulman Center Indiana State
0%
Hynes Athletic Center Iona
0%
Williams Assembly Center Jackson State
0%
Swisher Gymnasium Jacksonville
0%
Swinney Recreation Center Kansas City
0%
Kirby Sports Center Lafayette
0%
Montagne Center Lamar
0%
Stabler Arena Lehigh
0%
Hyland Performance Arena Lindenwood
0%
Jack Stephens Center Little Rock
0%
Steinberg Wellness Center Long Island
0%
Joan Perry Brock Center Longwood
0%
Reitz Arena Loyola (MD)
0%
Draddy Gymnasium Manhattan
0%
McCann Arena Marist
0%
Hytche Athletic Center Maryland Eastern Shore
0%
Legacy Center McNeese
0%
Hawkins Arena Mercer
0%
Hammel Court Merrimack
0%
Harrison HPER Complex Mississippi Valley State
0%
Great Southern Bank Arena Missouri State
0%
Ellis Johnson Arena Morehead State
0%
Talmadge L. Hill Field House Morgan State
0%
Knott Arena Mount St. Mary's
0%
CFSB Center Murray State
0%
Alumni Hall Navy
0%
McDougald-McLendon Arena NC Central
0%
Lakefront Arena New Orleans
0%
Gallagher Center Niagara
0%
Stopher Gymnasium Nicholls
0%
Joseph G. Echols Memorial Hall Norfolk State
0%
Flowers Hall North Alabama
0%
Scheels Center North Dakota State
0%
McLeod Center Northern Iowa
0%
Prather Coliseum Northwestern State
0%
Chartway Arena Old Dominion
0%
Baxter Arena Omaha
0%
Mabee Center Oral Roberts
0%
Alex G. Spanos Center Pacific
0%
Chiles Center Portland
0%
William J. Nicks Building Prairie View A&M
0%
Ross E. Templeton Center Presbyterian
0%
M&T Bank Arena Quinnipiac
0%
Dedmon Center Radford
0%
Alumni Gymnasium Rider
0%
William H. Pitt Center Sacred Heart
0%
DeGol Arena Saint Francis (PA)
0%
Run Baby Run Arena Saint Peter's
0%
Pete Hanna Center Samford
0%
Jenny Craig Pavilion San Diego
0%
Sobrato Center San Francisco
0%
Leavey Center Santa Clara
0%
MVP Arena Siena
0%
Vadalabene Center SIU Edwardsville
0%
Mitchell Center South Alabama
0%
SHM Memorial Center South Carolina State
0%
First Bank and Trust Arena South Dakota State
0%
University Center Southeastern Louisiana
0%
F. G. Clark Activity Center Southern
0%
Banterra Center Southern Illinois
0%
Reed Green Coliseum Southern Miss
0%
America First Event Center Southern Utah
0%
William R. Johnson Coliseum Stephen F. Austin
0%
Merkert Gymnasium Stonehill
0%
Schoenecker Arena St. Thomas (MN)
0%
Wisdom Gymnasium Tarleton
0%
Gentry Complex Tennessee State
0%
Eblen Center Tennessee Tech
0%
American Bank Center Arena Texas A&M-Corpus Christi
0%
College Park Center Texas-Arlington
0%
Health and Physical Education Arena Texas Southern
0%
Strahan Arena Texas State
0%
McAlister Field House The Citadel
0%
Kimmel Arena UNC Asheville
0%
G. B. Hodge Center USC Upstate
0%
Burns Arena Utah Tech
0%
UCCU Center Utah Valley
0%
Kathleen and Tom Elam Center UT Martin
0%
Athletics-Recreation Center Valparaiso
0%
Cameron Hall VMI
0%
Spiro Sports Center Wagner
0%
Liston B. Ramsey Regional Activity Center Western Carolina
0%
Western Hall Western Illinois
0%
No matching quizzes found
Score Distribution
Percent of People with Each Score
Percentile by Number Answered
Your Score History
You have not taken this quiz